LEADER 01003nam a2200241 ai4500 001 991002914189707536 008 160414s2011 de 000 0 eng d 020 $a9783111809144 035 $ab14253367-39ule_inst 040 $aDip. di Studi Umanistici$bita 245 00$aSecond-language speech :$bstructure and process /$cAllan James and Jonathan Leather, editors 260 $aBerlin ;$aNew York :$bMouton de Gruyter,$c2011 300 $aVII, 348 p. :$bill. ;$c23 cm 440 0$aStudies on language acquisition ;$v13 650 4$aSeconda lingua$xApprendimento 650 4$aGrammatica, Comparativa e generale$xFonologia 700 1 $aJames, Allan R.$eauthor$4http://id.loc.gov/vocabulary/relators/aut$0168583 700 1 $aLeather, Jonathan$eauthor$4http://id.loc.gov/vocabulary/relators/aut$0732940 907 $a.b14253367$b14-04-16$c14-04-16 912 $a991002914189707536 996 $aSecond-language speech$91444094 997 $aUNISALENTO 998 $ale012$b14-04-16$cm$da $e-$feng$gde $h0$i0 LEADER 01069nam0-22002891i-450 001 990005354040403321 005 20230912142555.0 035 $a000535404 035 $aFED01000535404 035 $a(Aleph)000535404FED01 035 $a000535404 100 $a19990530f---0---9km-y0itay50------ba 101 0 $aita 105 $af-------00--- 200 1 $aRegione XI$eTranspadana. I Pollenzio$eLa Necropoli in contrada Pedaggera+$eRapporto sulle campagne di scavo di settembre - ottobre 1934 - XIII e del maggio - giugno 1936 - XIV$fGennaro Pesce 210 $as.l.$cs.e.$ds.d. 215 $aP. 374 - 392$d29 tav.$d25 cm 300 $aEstratto da: Atti della Reale Accademia Nazionale dei Lincei. Notizie degli scavi di antichita, vol. XII, serie VI, fascicoli 10 11 e 12 700 1$aPesce,$bGennaro$0206328 712 0 $aAccademia nazionale dei Lincei 801 0$aIT$bUNINA$gRICA$2UNIMARC 901 $aBK 912 $a990005354040403321 952 $aARCH. BM MISC. 057 (22)$bARCH. 14496$fFLFBC 959 $aFLFBC 996 $aRegione XI$9599262 997 $aUNINA